000 00646nam a2200193Ia 4500
003 IN-BaIIA
008 211028s9999 xx 000 0 eng d
020 _a0-89252-663-7
040 _cIIA Library
080 _a535(082.1)
_bSPI-628
245 0 _aAdvanced technology optical telescopes II
_cedited by Larry D Barr
260 _aWashington
_bSociety of Photo-Optical Instrumentation Engineers
_c1986
300 _aviii, 561p.
650 _aAstronomy and Astrophysics Thesaurus
650 _aOptical technology
_915260
650 _aTelescopes
_91997
700 _aBarr, Larry D., ed.
_913839
942 _cBK
999 _c9087
_d9087